000 00601nam a2200193Ia 4500
003 GCL
008 140319s9999 xx 000 0 ara d
040 _aGCL /
_cGCL
082 0 4 _a812.043
_bد ع
100 1 _aعزت الامير
245 1 0 _aدكاتره وسباكين /
_cعزت الامير
260 _a[S.N] :
_bالهيئة المصرية العامة للكتاب ،
_c1994
300 _a107 ص
490 _aالمسرح العربى
_v0
650 0 4 _aالادب العربى
650 0 4 _aالمسرح العربى
650 0 4 _aالمسرحيات العربية
942 _2ddc
_cBK
999 _c58932
_d58932